000 00567nam a2200205Ia 4500
003 GCL
008 140319s9999 xx 000 0 eng d
040 _aGCL /
_cGCL
082 0 4 _a634.6
_bW T
100 1 _aWEIGLEY, GORDON
245 1 0 _aTROPICAL AGRICULTURE: THE DEVELOPMENT OF PRODUCTION /
_cWEIGLEY, GORDON
260 _a[S.N] :
_bELBS ،
_c1988
300 _a496 P
650 0 4 _aTROPICAL CROPS
650 0 4 _aAGRICULTURE
650 0 4 _aAGRICULTURE - TROPICS
650 0 4 _aAGRICULTURAL ADMINISTRATION
650 0 4 _aFARM PRODUCTION QUDOTAS
942 _2ddc
_cBK
999 _c19896
_d19896